Actores y Actrices de Harry Potter - Estadísticas

Estadísticas generales
  • Esta prueba ha sido intentada 24 veces
  • La puntuación promedio es 9 de 30
Estadísticas de respuestas
Personaje Actor / Actriz % Correcto
Hermione Granger Emma Watson
100%
Harry Potter Daniel Radcliffe
91%
Ron Weasley Rupert Grint
74%
Severus Snape Alan Rickman
65%
Cedric Diggory Robert Pattinson
61%
Draco Malfoy Tom Felton
61%
Minerva McGonagall Maggie Smith
57%
Bellatrix Lestrange Helena Bonham Carter
48%
Albus Dumbledore Richard Harris / Michael Gambon
43%
Sirius Black Gary Oldman
39%
George Weasley Oliver Phelps
35%
Sybill Trelawney Emma Thompson
30%
Ginny Weasley Bonnie Wright
26%
Nymphadora Tonks Natalia Tena
26%
Remus Lupin David Thewlis
22%
Fred Weasley James Phelps
22%
Molly Weasley Julie Walters
22%
Luna Lovegood Evanna Lynch
17%
Lucius Malfoy Jason Isaacs
17%
Gilderoy Lockhart Kenneth Branagh
17%
Neville Longbottom Matthew Lewis
13%
Alastor Moody Brendan Gleeson
9%
Dolores Umbridge Imelda Staunton
9%
Lord Voldemort Raplh Fiennes
9%
Peter Pettigrew Timothy Spall
9%
Filius Flitwick Warwick Davis
9%
Narcisa Malfoy Helen McCrory
4%
Horace Slughorn Jim Broadbent
4%
Cho Chang Katie Leung
4%
Arthur Weasley Mark Williams
4%
No se encontraron pruebas coincidentes
Distribución de puntuación
Porcentaje de gente con cada puntuación
Porcentaje por número respondido
Historial de tus puntuaciones
No has intentado esta prueba.